000 01540 a2200193 4500
001 59311
005 20260407155847.0
008 260407a1966 arg spa d
003 AR-UNSa-BCEJYS
040 _aAR-UNSa-BCEJYS
_bspa
_cAR-UNSa-BCEJYS
080 _a338(4)
_xSituación económica de Europa. Política económica. Gestión de la economía. Planificación de la economía. Producción. Servicios. Precios
245 1 0 _aPartidos políticos y grupos de presión en la integración europea
264 1 _aBuenos Aires :
_bBID/INTAL (Banco Interamericano de Desarrollo. Instituto para la integración de América Latina)
_c1966
300 _a641 p.
_c23 cm.
505 _aPrimer Parte: Integración: ideología e instituciones: 1. Comunidad e integración 2. La naturaleza de la supranacionalidad – 3. El mercado común en funcionamiento – Segunda Parte: Procesos de integración al nivel nacional: 4. Los partidos políticos: 1952 y 1957 – 5. Las asociaciones empresarias: 1952 y 1957 – 6. Los sindicatos: 1952 y 1957 – 7. La conducta de los gobiernos miembros - Tercera Parte: Procesos de integración al nivel supranacional: 8. La lógica expansiva de la integración por sectores – 9. Asociaciones empresarias supranacionales – 10. Sindicatos supranacionales – 11. Partidos políticos supranacionales – 12. ¿Es la Alta Autoridad ejecutivo federal independiente? – 13. Nuevas formas de cooperación intergubernamental -
942 _cBK
590 _aniveau_biblio:m niveau_hierar:0
100 1 _aHaas, Ernst B.
999 _c6646
_d6646